000 00557nam a2200205Ia 4500
005 20250317124822.0
008 008 250317s9999 xx 000 0 eng d
037 _aTextbook
040 _aFMSL
_beng
_cFMSL
041 _aeng
_2eng
084 _aX:51 Q11
_qFMSL
100 _aZeithaml V A
_9741368
245 0 _aServices marketing
250 _a5
260 _aNew Delhi
_bNew Delhi, Tata McGraw Hill
_c2011
365 _b5500
650 _aManagement
942 _cTB
_hX:51 Q11
999 _c1256997
_d1256997